MARC details
| 000 -CABECERA |
| campo de control de longitud fija |
03206nam a2200313 a 4500 |
| 001 - NÚMERO DE CONTROL |
| campo de control |
000111808 |
| 003 - IDENTIFICADOR DEL NÚMERO DE CONTROL |
| campo de control |
CHAP |
| 005 - FECHA Y HORA DE LA ÚLTIMA TRANSACCIÓN |
| campo de control |
20251020135338.0 |
| 008 - DATOS DE LONGITUD FIJA--INFORMACIÓN GENERAL |
| campo de control de longitud fija |
150817s2015 mx a |sm |||||||spa d |
| 010 ## - NÚMERO DE CONTROL DE LA BIBLIOTECA DEL CONGRESO |
| Número de control de LC |
108269 |
| 011 ## - ENLACE DEL NUMERO DE CONTROL DE LA BIBLIOTECA DEL CONGRESO [OBSOLETO] |
| Número de control de LC |
109241 |
| 040 ## - FUENTE DE LA CATALOGACIÓN |
| Centro/agencia transcriptor |
CHAP |
| 090 ## - LOCALMENTE ASIGNADO TIPO-LC NÚMERO DE CLASIFICACIÓN (OCLC); NÚMERO DE CLASIFICACIÓN LOCAL (RLIN) |
| Número de clasificación (OCLC) (R) ; Numero de clasificación, CALL (RLIN) (NR) |
Tesis |
| 100 1# - ENTRADA PRINCIPAL--NOMBRE DE PERSONA |
| Nombre de persona |
Ramírez Flores, José de Jesús |
| 245 10 - MENCIÓN DE TÍTULO |
| Título |
Evaluación del impacto ambiental y económico del ganado bovino lechero en la Comarca Lagunera, México |
| Mención de responsabilidad, etc. |
por José de Jesús Ramírez Flores; director César Alberto Meza Herrera |
| 264 ## - PRODUCCIÓN, PUBLICACIÓN, DISTRIBUCIÓN, FABRICACIÓN Y COPYRIGHT |
| Producción, publicación, distribución, fabricación y copyright |
Bermejillo, Dgo. : |
| Nombre del de productor, editor, distribuidor, fabricante |
El autor, |
| Fecha de producción, publicación, distribución, fabricación o copyright |
2015. |
| 502 ## - NOTA DE TESIS |
| Tipo de título |
Maestro en Ciencias en Recursos Naturales y Medio Ambiente en Zonas Áridas. |
| -- |
Máster en Zootecnia y Gestión Sostenible: Ganadería Ecológica e Integrada. |
| Nombre de la institución que otorga el título |
Unidad Regional Universitaria de Zonas Áridas, |
| -- |
Universidad de Córdoba. Instituto de Estudios de Posgrado, |
| Año de obtención del título |
2015. |
| 520 ## - SUMARIO, ETC. |
| Sumario, etc. |
En la Comarca Lagunera (CL), localizada en el norte de México (102º 22' & 104º 47' LO, 24º 22' & 26º 23' LN), se ha observado un importante crecimiento del Bovino Productor de Leche (BPL) durante los últimos 50 años. Lo anterior ha situado a la CL como una de las cuencas lecheras más importantes del país. En 2014, la CL registró un inventario lechero superior a las 440,000 vacas, con 242,000 vacas en ordeño, una producción de 2,260 millones de litros por año y un valor económico (VE) de la producción de €867 millones. Sin embargo, las condiciones climáticas de la zona, incluyen altas temperaturas y radiación solar en verano y bajos niveles de precipitación anual (<220 mm). Por ello, la disponibilidad de agua es muy limitada, originando altas demandas en la extracción de aguas subterráneas mediante el uso de más de 2,200 pozos profundos para uso del BPL; dicha extracción ha generado un significativo déficit en las reservas de agua subterránea ya que el volumen de extracción es superior a la recarga. El impacto de la Huella Hídrica del BPL, es el segundo en importancia, sólo superado por la producción de carne de bovina. Sin embargo, si confrontamos el costo económico (CE) del BPL respecto al CE generado por la emisión de GEI (€118 millones) y se adiciona el CE generado por la huella hídrica (€13,219 millones), se observa no solamente un fuerte impacto ambiental sino un significativo costo económico de dicho impacto ambiental. Por lo anterior, es imperativo definir estrategias de mitigación en el uso del recurso hídrico, fundamental en la viabilidad global de la Comarca Lagunera, enclavada en un entorno árido. De lo contrario, se pondrá en riesgo no solo la sustentabilidad del sistema de producción del bovino lechero, sino la viabilidad biológica, económica y social de la Comarca Lagunera. |
| 650 14 - PUNTO DE ACCESO ADICIONAL DE MATERIA--TÉRMINO DE MATERIA |
| Término de materia o nombre geográfico como elemento de entrada |
Efecto invernadero. |
| 650 14 - PUNTO DE ACCESO ADICIONAL DE MATERIA--TÉRMINO DE MATERIA |
| Término de materia o nombre geográfico como elemento de entrada |
Ganado lechero |
| Subdivisión general |
Comarca Lagunera. |
| 650 14 - PUNTO DE ACCESO ADICIONAL DE MATERIA--TÉRMINO DE MATERIA |
| Término de materia o nombre geográfico como elemento de entrada |
Ganado lechero |
| Subdivisión general |
Efecto del medio ambiente. |
| 650 14 - PUNTO DE ACCESO ADICIONAL DE MATERIA--TÉRMINO DE MATERIA |
| Término de materia o nombre geográfico como elemento de entrada |
Impacto ambiental. |
| 700 1# - PUNTO DE ACCESO ADICIONAL--NOMBRE DE PERSONA |
| Nombre de persona |
Meza Herrera, César Alberto |
| Término indicativo de función/relación |
director. |
| 856 ## - LOCALIZACIÓN Y ACCESO ELECTRÓNICOS |
| Identificador Uniforme del Recurso |
<a href="http://10.13.5.2/tesis/sist111808.pdf">http://10.13.5.2/tesis/sist111808.pdf</a> |
| Texto de enlace |
DESCARGAR PDF |
| 901 ## - ELEMENTOS DE DATOS A LOCAL LDA (RLIN) |
| a |
BK |
| 942 ## - ELEMENTOS DE PUNTO DE ACCESO ADICIONAL (KOHA) |
| Tipo de ítem Koha |
Tesis |
| Fuente del sistema de clasificación o colocación |
Clasificación Universidad Autónoma Chapingo |
| 590 ## - NOTA LOCAL (RLIN) |
| Nota local |
E5652GLJ |
| Procedencia (VM) [OBSOLETO] |
05 |
| Condición del los carretes individuales (VM) [OBSOLETO] |
20150817 |
| 590 ## - NOTA LOCAL (RLIN) |
| Nota local |
E5652GLJ |
| Procedencia (VM) [OBSOLETO] |
05 |
| Condición del los carretes individuales (VM) [OBSOLETO] |
20150817 |